Chess Variants - Sudden Death - Statistics

General Stats
  • This quiz has been taken 55 times
    13 since last reset
  • The average score is 2 of 16
Answers on the Grid
Answers color-coded by a green-red scale on the quiz's grid according to % correct below.
1D Chess
5D Chess with Multiverse Time Travel
Autochess
Baby Chess
Barbie Chess
Betrayal Chess
Chaturanga
Book Chess
Chess: Infect the World
Chess: Voters Edition
Chess: the Lost Pieces
Chesscraft
Chessplosion
Execution Chess
Faerie Chess
Chess: the Card Game
Ganjurati
German Chess
Hexagonal Chess
Janturagi
Laser Chess
Martian Chess
Old English Chess
Phobia Chess
Plunder Chess
Sovereign Chess
Stranger Things: Chess Edition
Silverman 4x5 Chess
Trivial Pursuit: Chess Edition
Vampire Chess
 
Answer Stats
Answer % Correct
Chaturanga
75%
5D Chess with Multiverse Time Travel
50%
Chessplosion
25%
Faerie Chess
25%
Hexagonal Chess
25%
1D Chess
0%
Autochess
0%
Baby Chess
0%
Chesscraft
0%
Chess: the Lost Pieces
0%
Laser Chess
0%
Martian Chess
0%
Plunder Chess
0%
Silverman 4x5 Chess
0%
Sovereign Chess
0%
Vampire Chess
0%
No matching quizzes found
Score Distribution
Percent of People with Each Score
Percentile by Number Answered
Your Score History
You have not taken this quiz since the last reset